000 00489nam a2200193Ia 4500
008 240510s9999 xx 000 0 und d
020 _a0003790811734
041 _aEng
082 _a006.32
082 _bS52
100 _aRibeiro, R.A. (Et-al)(Eds.)
245 0 _aSoft computing in financial engineering :studies in fuzziness and soft computing
260 _bSpringer: Tokyo
260 _c1999
300 _a506 p.
650 _afuzzy nets :
942 _2ddc
942 _cLBK
999 _c27742
_d27742
945 _a1
_bMadushi Gamage
_c1
_dMadushi Gamage